| 000 | 01196nam a2200349 i 4500 | ||
|---|---|---|---|
| 001 | 15351415 | ||
| 003 | EG-ScBUE | ||
| 005 | 20250305103618.0 | ||
| 008 | 060703t2008 njua f 001 0 eng d | ||
| 020 | _a9780471758013 | ||
| 040 |
_aEG-ScBUE _beng _erda _cEG-ScBUE _dEG-ScBUE |
||
| 082 | 0 | 4 |
_a530 _222 _bWAL |
| 100 | 1 |
_aWalker, Jearl, _d1945- _eauthor. |
|
| 245 | 1 | 0 |
_aFundamentals of physics / _cJearl Walker, Cleveland State University. |
| 250 |
_aEighth edition, _bextended. |
||
| 264 | 1 |
_aHoboken, New Jersey : _bJohn Wiley & Sons, _c[2008] |
|
| 264 | 4 | _cc2008 | |
| 300 |
_a1 volume (various pagings) : _billustrations (some color) ; _c28 cm |
||
| 336 |
_2rdacontent _atext _btxt |
||
| 337 |
_aunmediated _2rdamedia _bn |
||
| 338 |
_avolume _bnc _2rdacarrier |
||
| 500 | _aIncludes index. | ||
| 500 | _aPrev. ed. cataloged as: Fundamentals of physics / David Halliday, Robert Resnick, Jearl Walker. | ||
| 590 | _ayassmeen ashraf | ||
| 650 | 7 |
_aPhysics _vTextbooks. _2BUEsh |
|
| 651 | _2BUEsh | ||
| 653 |
_bPPhrm _bNNUR _cAugust2015 |
||
| 655 |
_vReading book _934232 |
||
| 700 | 1 |
_aHalliday, David, _d1916- _eauthor. |
|
| 700 | 1 |
_aResnick, Robert, _d1923- _eauthor. |
|
| 942 |
_2ddc _cBB |
||
| 999 |
_c10609 _d10609 |
||